Catálogo público

Suplementación de cobre en cabras y ovejas utilizando cápsulas con alambre de óxido de cobre / (Record no. 168394)

MARC details
000 -CABECERA
campo de control de longitud fija 00969nam a2200301Ia 4500
001 - NÚMERO DE CONTROL
campo de control Z_5328
003 - IDENTIFICADOR DEL NÚMERO DE CONTROL
campo de control CHAP
008 - DATOS DE LONGITUD FIJA--INFORMACIÓN GENERAL
campo de control de longitud fija 220113s2006 xx 000 0 und d
010 ## - NÚMERO DE CONTROL DE LA BIBLIOTECA DEL CONGRESO
Número de control de LC 168394
040 ## - FUENTE DE LA CATALOGACIÓN
Centro/agencia transcriptor CHAP
090 ## - LOCALMENTE ASIGNADO TIPO-LC NÚMERO DE CLASIFICACIÓN (OCLC); NÚMERO DE CLASIFICACIÓN LOCAL (RLIN)
Número de clasificación (OCLC) (R) ; Numero de clasificación, CALL (RLIN) (NR) Tesis D 1921
100 ## - ENTRADA PRINCIPAL--NOMBRE DE PERSONA
Nombre de persona Diego Aquino, Ervin
9 (RLIN) 32507
245 ## - MENCIÓN DE TÍTULO
Título Suplementación de cobre en cabras y ovejas utilizando cápsulas con alambre de óxido de cobre /
Mención de responsabilidad, etc. Ervin Diego Aquino y Jesús Manuel Arias Cadena
260 ## - PUBLICACIÓN, DISTRIBUCIÓN, ETC.
Lugar de publicación, distribución, etc. Chapingo, México :
Nombre del editor, distribuidor, etc. El autor,
Fecha de publicación, distribución, etc. 2006
300 ## - DESCRIPCIÓN FÍSICA
Extensión 52 h.
502 ## - NOTA DE TESIS
Nota de tesis Tesis (Ing. Agar. Esp. en Zootecnia) -- UACH. Departamento de Zootecnia
650 ## - PUNTO DE ACCESO ADICIONAL DE MATERIA--TÉRMINO DE MATERIA
Término de materia o nombre geográfico como elemento de entrada Cobre en animales
9 (RLIN) 24189
650 ## - PUNTO DE ACCESO ADICIONAL DE MATERIA--TÉRMINO DE MATERIA
Término de materia o nombre geográfico como elemento de entrada Cobre en nutrición animal
9 (RLIN) 24191
650 ## - PUNTO DE ACCESO ADICIONAL DE MATERIA--TÉRMINO DE MATERIA
Término de materia o nombre geográfico como elemento de entrada Ganado cabrío
Subdivisión general
-- Alimentación
9 (RLIN) 142688
650 ## - PUNTO DE ACCESO ADICIONAL DE MATERIA--TÉRMINO DE MATERIA
Término de materia o nombre geográfico como elemento de entrada Ganado lanar
Subdivisión general
-- Alimentación
9 (RLIN) 141138
700 ## - PUNTO DE ACCESO ADICIONAL--NOMBRE DE PERSONA
Nombre de persona Arias Cadena, Jesús Manuel
9 (RLIN) 7043
901 ## - ELEMENTOS DE DATOS A LOCAL LDA (RLIN)
a TESIS D 1921
902 ## - ELEMENTOS DE DATOS B LOCAL, LDB (RLIN)
a M
910 ## - DATOS DE OPCIÓN DEL USUARIO (OCLC)
Datos de opción del usuario 2006
942 ## - ELEMENTOS DE PUNTO DE ACCESO ADICIONAL (KOHA)
Tipo de ítem Koha Tesis_
942 ## - ELEMENTOS DE PUNTO DE ACCESO ADICIONAL (KOHA)
Tipo de ítem Koha Tesis_
Holdings
Estado de retiro Estado de pérdida Estado dañado No para préstamo Localización permanente Ubicación/localización actual Ubicación en estantería Fecha de adquisición Información codificada de la localización en otra ubicación Total de préstamos Código de barras Fecha visto por última vez Número de copia Precio válido a partir de Tipo de ítem Koha Nota pública
        Zootecnia Zootecnia   07/02/2006 2   z_T 3320 18/01/2022 1 18/01/2022 Tesis_ 3
        Zootecnia Zootecnia   07/02/2006 2   z_T 3321 18/01/2022 2 18/01/2022 Tesis_ 3